LEADER 01189naa a2200217 u 4500 001 000000099683 003 CaOOAMICUS 005 20070226130159.0 008 051005s2000 it u000 u ita u 035 $a11061861 040 $aIAR$bita 100 1 $aForlin Patrucco, Marcella.$0(OLS)http://pul/name/9709 245 10$a[Recensione :] H. Ingelbert: Les romains chrétiens face à l'histoire de Rome. Histoire, christianisme et romanité en occident dans l'antiquité tardive (IIIe-Ve siècles) /$cMarcella Forlin Patrucco. 260 $aBologna :$bEd. Dehoniane,$c2000. 300 $aS. 709-713 ;$c22 cm 600 14$aIngelbert, H.$tRomains chrétiens face à l'histoire de Rome.$0(OLS)http://pul/subject/31963 730 0 $aCristianesimo nella storia$g[Spogli].$0(OLS)http://pul/title/7312 773 0 $aCristianesimo nella storia ;.$tvol. XXI (2000) 773 0 $tCristianesimo nella storia$w()5012 996 $6245$a[Recensione :] H. Ingelbert: Les romains chrétiens face à l'histoire de Rome. Histoire, christianisme et romanité en occident dans l'antiquité tardive (IIIe-Ve siècles)$9(OLS)http://pul/title/126562 996 $6260$aBologna :$bEd. Dehoniane$9(OLS)http://pul/publisher/48282 LEADER 01734nam a2200361 u 4500 001 000000063733 003 CaOOAMICUS 005 20070226121258.0 008 011106s1995 it u000 u ita u 020 $a8831195026 035 $a10908963 040 $aPUL(R)$bita 041 1 $aita$hlat 100 0 $aBonaventura,$cs., card.,$dc. 1217-1274.$0(OLS)http://pul/name/5448 240 10$aItinerarium mentis in Deum.$lItaliano.$0(OLS)http://pul/title/37251 245 10$aItinerario della mente in Dio ; :$bRiconduzione delle arti alla teologia /$csan Bonaventura ; traduzione di Silvana Martignoni e Orlando Todisco ; introduzione di Letterio Mauro. 260 $aRoma :$bCittà Nuova,$cc1995. 300 $a126 p. ;$c22 cm 490 1 $aBiblioteca grandi autori ;$v2 500 $aComprende indici. 504 $aBibliografia: p. 24-31. 700 02$aBonaventura,$cs., card.,$dc. 1217-1274.$tDe reductione artium ad theologiam$9(Bonaventura, s., card., c. 1217-1274)$lItaliano.$0(OLS)http://pul/name/43198 700 1 $aMauro, Letterio.$0(OLS)http://pul/name/11937 700 1 $aTodisco, Orlando,$d1938-$0(OLS)http://pul/name/526 700 1 $aMartignoni, Silvana.$0(OLS)http://pul/name/11936 830 0$aBiblioteca grandi autori ;$v2.$0(OLS)http://pul/title/83049 850 $aPUL 852 $aPUL$W1$xSL Religione 1$y3$m80 B 36$j82671$nBK-PRI$b $qStampati$B82671$CPULBib$Z2$F82671 $H $81 941 1 $a8 961 $aINV: 73767 996 $6020$a8831195026$9(OLS)http://pul/number/82715 996 $6245$aItinerario della mente in Dio ; :$bRiconduzione delle arti alla teologia$9(OLS)http://pul/title/84965 996 $6260$aRoma :$bCittà Nuova$9(OLS)http://pul/publisher/47927